000 00454nam a22001817a 4500
003 MPLRDC
005 20220104182506.0
008 210129b ||||| |||| 00| 0 eng d
020 _a7-5086-0929-4
082 _a425.3 ZBQJ
100 _a佐伯千津
245 _a不要过分依赖化妆品
_c吕冉译
250 _a一版一刷
260 _a中国
_b中信出版社
_c2007
300 _b
650 _a皮肤保养
942 _cBK
_o425.3 ZBQJ
999 _c61979
_d61969